Arangukaliloode Azhikkodu (Malayalam) (Record no. 299459)

MARC details
000 -LEADER
fixed length control field 00288nam a22001217a 4500
020 ## - INTERNATIONAL STANDARD BOOK NUMBER
International Standard Book Number 978-81-264-3008-6
082 ## - DEWEY DECIMAL CLASSIFICATION NUMBER
Classification number 923.1 AZH/AR
100 ## - MAIN ENTRY--PERSONAL NAME
Personal name Sukumar Azhikode
245 ## - TITLE STATEMENT
Title Arangukaliloode Azhikkodu (Malayalam)
260 ## - PUBLICATION, DISTRIBUTION, ETC. (IMPRINT)
Place of publication, distribution, etc. Kottayam
Name of publisher, distributor, etc. D C Books
Date of publication, distribution, etc. 2011
300 ## - PHYSICAL DESCRIPTION
Extent 437
942 ## - ADDED ENTRY ELEMENTS (KOHA)
Koha item type Books (General)
Holdings
Withdrawn status Lost status Damaged status Not for loan Home library Current library Date acquired Total Checkouts Full call number Barcode Date last seen Price effective from Koha item type
        College of Agriculture, Padannakkad College of Agriculture, Padannakkad 16/03/2016   923.1 AZH/AR KAU_COAP-06835 16/03/2016 16/03/2016 Books (General)
Kerala Agricultural University Central Library
Thrissur-(Dt.), Kerala Pin:- 680656, India
Ph : (+91)(487) 2372219
E-mail: librarian@kau.in
Website: http://library.kau.in/